00622nam a2200181Ia 4500952015200000999001700152003000400169005001700173008004100190020001500231040000900246082001800255100002700273245004900300260003900349300000900388942004300397 00102ddc40708LIBRARY SCIENCEaMESbMEScLIBRARY SCIENCEd2019-02-20g225.00l0o025.32 RAN/Cp22965r2019-02-20 00:00:00w2019-02-20yREFzU4R1 c36347d36347OSt20201207100623.0190216s9999||||xx |||||||||||||| ||und|| a8185273057 coclc a025.32bRAN/C aRanganathan, S R97224 0aClassified Catalogue Code /cS R Ranganathan bUbs Publishers,c1988.aNew Delhi: a640p cREF2ddch025.32iRAN/Ck025.32mRAN/C